000 00387nam a2200169Ia 4500
008 230711s9999||||xx |||||||||||||| ||und||
020 _a978-81-85790-01-9
041 _aENG
082 _a615.19
_bHA-P
100 _aHadkar,U.B
245 0 _aPhysical Pharmacy
250 _a20th Ed.
260 _c2017
_aPune
_bNirali Prakashan
300 _a24.4p.
650 _aPharmacy
942 _cBK
999 _c7294
_d7294